VEDHA UMALATYA VIDYARTHYANCHA , JANATYA PALAKANCHA (Record no. 357641)

MARC details
000 -LEADER
fixed length control field 004170000a22001570004500
005 - DATE AND TIME OF LATEST TRANSACTION
control field 20120302062757.0
040 ## - CATALOGING SOURCE
Original cataloging agency MAR
100 ## - MAIN ENTRY--PERSONAL NAME
Personal name JOSHI : VAISHALI PRAMOD
245 ## - TITLE STATEMENT
Title VEDHA UMALATYA VIDYARTHYANCHA , JANATYA PALAKANCHA
250 ## - EDITION STATEMENT
Edition statement 2 ND
260 ## - PUBLICATION, DISTRIBUTION, ETC. (IMPRINT)
Place of publication, distribution, etc DOMBIVLI: MORAYA PRAKASHAN ,2001
300 ## - PHYSICAL DESCRIPTION
Extent 60/-
365 ## - TRADE PRICE
Price amount RS.25/-
650 ## - SUBJECT ADDED ENTRY--TOPICAL TERM
Topical term or geographic name as entry element SELF IMPROVEMENT / VYAKTITVA /SANSKAR / AHAR
942 ## - ADDED ENTRY ELEMENTS (KOHA)
Koha item type Book

No items available.